1919 1487 1099 1557 1496 1380 1795 1781 1430 1246 1199 1746 1431 1248 1411 1597 1889 1203 1745 1694 1064 1777 1306 1452 1150 1454 1432 1938 1131 1104 1646 1872 1786 1522 1837 1772 1291 1760 1105 1334 1911 1605 1989 1206 1730 1662 1012 1911 1608 1329 1649 1345 1649 1537 1317 1010 1659 1570 1159 1767 1087 1264 1962 1898 1607 1014 1328 1196 1466 1732 1604 1011 1358 1911 1357 1406 1106 1544 1845 1638 1669 1708 1012 1975 1638 1261 1449 1505 1854 1324 1093 1656 1400 1267 1642 1696 1557 1308 1308 BCNSPRNW ULIB Ver.6.0+V

เปลี่ยนเป็นภาษาไทย

Change to English
 แสดงรายละเอียดบรรณานุกรม
  กลับหน้าหลัก

Brief Record : Get Marc (ISO 2709) : E-mail record : QR code < ปิดหน้าต่าง
LEADER : 00000nam 2200000uu 4500
001    13399112542
003     ULIB
008    110823s2552||||th 000 0 tha d
020    9786117190193
090    นว.^bช561ท 2552
100 0  ชินานาง ณพิชญานันท์ ศิรวิศยา
245 00 ทิวลิปหวานรัก/^cชินานาง ณพิชญานันท์ ศิรวิศยา
250    พิมพ์ครั้งที่ 1
260    กรุงเทพฯ :^bอินเลิฟ,^c2552
300    279 หน้า
710 1  อินเลิฟ
945    ^p185^l0^i15829
995    กัณชพร
999     ^aใช้งานได้ทุกระบบ
รายการนี้ยังไม่มีแท็ก
คุณยังไม่ได้ล็อกอิน คุณสามารถมีกิจกรรมร่วมกับเว็บไซต์ได้ แต่ต้องล็อกอินก่อน ::
  ล็อกอิน

รายการสื่อสารสนเทศ

ลำดับที่ ประเภท เลขเรียก/บาร์โค้ด สถานที่ สถานะ
1. วิทยาศาสตร์การแพทย์ และสุขภาพ
วิทยาศาสตร์การแพทย์ และสุขภาพ
นว. ช561ท 2552  
  Barcode: 15829
ห้องสมุดวิทยาเขตสวรรค์ประชารักษ์
►นวนิยาย
บนชั้น
  ขอยืม

BibComment


ยังไม่เคยถูกคอมเมนท์

คอมเมนท์ทรัพยากรรายการนี้
  คอมเมนท์: ทิวลิปหวานรัก ชิน..


 Copyright 2026. Bcnsprnw @Library